| 000 | 00585cam a2200181 a 4500 | ||
|---|---|---|---|
| 003 | OSt | ||
| 008 | 241030b |||||||| |||| 00| 0 eng d | ||
| 020 | _a9780123750259 (alk. paper) | ||
| 020 | _a0123750253 (alk. paper) | ||
| 082 | 0 | 0 |
_a621.47 _bSOR/RE |
| 100 | 1 |
_aSorensen, Bent _96351 |
|
| 245 | 1 | 0 |
_aRenewable energy : _bphysics, engineering, environmental impacts, economics and planning / |
| 250 | _a4th ed. (Indian) | ||
| 260 |
_aBurlington, MA : _bAcademic Press, _cc2011. |
||
| 300 |
_axviii, 954 p. : _bill., maps ; |
||
| 650 | 0 |
_aRenewable energy sources. _96060 |
|
| 942 | _cBK | ||
| 999 |
_c13743 _d13743 |
||